Representation Theory of Finite Groups and Associative Algebras /
Đã lưu trong:
| 主要作者: | |
|---|---|
| 其他作者: | |
| 格式: | Sách giấy |
| 语言: | English |
| 出版: |
New York :
Interscience ,
1962
|
| 标签: |
添加标签
没有标签, 成为第一个标记此记录!
|
| Thư viện lưu trữ: | Thư viện Trường Đại học Đà Lạt |
|---|
| LEADER | 00648nam a2200253 4500 | ||
|---|---|---|---|
| 001 | DLU020011262 | ||
| 005 | ##12/29/1999 | ||
| 041 | # | # | |a eng |
| 082 | # | # | |a 512.24 |b CU-C |
| 090 | # | # | |a 512.24 |b CU-C |
| 100 | # | # | |a Curtis, Charles W. |
| 245 | # | # | |a Representation Theory of Finite Groups and Associative Algebras / |c Curtis Charles W., Reiner Irving |
| 260 | # | # | |a New York : |b Interscience , |c 1962 |
| 300 | # | # | |a X, 681 tr.; |c 24 cm. |
| 700 | # | # | |a Reiner, Irving |
| 992 | # | # | |a 13000 |
| 994 | # | # | |a DLU |
| 900 | # | # | |a False |
| 911 | # | # | |a Administrator |
| 925 | # | # | |a G |
| 926 | # | # | |a A |
| 927 | # | # | |a SH |
| 980 | # | # | |a Thư viện Trường Đại học Đà Lạt |